Generálna klauzula nekalej súťaže

Úprava problematiky nekalej súťaže na Slovensku. Generálna klauzula obsiahnutá v Obchodnom zákonníku. Význam pojmu hospodárska súťaž a pojmu "dobré mravy súťaže". Úloha generálnej klauzuly pri ochrane pred nekalou súťažou. Príklady rôznych spôsobov zneužitia hospodárskej súťaže v reklame a použitia...

Full description

Saved in:
Bibliographic Details
Main Author: Vozár, Jozef
Format: Book Chapter
Language:Slovak
Subjects:
Tags: Add Tag
No Tags, Be the first to tag this record!

MARC

LEADER 00000naa a2200000 4500
001 r035585
005 20230929080602.2
041 0 |a slo 
044 |a SK 
245 1 0 |a Generálna klauzula nekalej súťaže  |c Jozef Vozár 
520 |a Úprava problematiky nekalej súťaže na Slovensku. Generálna klauzula obsiahnutá v Obchodnom zákonníku. Význam pojmu hospodárska súťaž a pojmu "dobré mravy súťaže". Úloha generálnej klauzuly pri ochrane pred nekalou súťažou. Príklady rôznych spôsobov zneužitia hospodárskej súťaže v reklame a použitia generálnej klauzuly. 
610 2 0 |a súťaž nekalá 
610 2 0 |a súťaž hospodárska 
610 2 0 |a reklama 
610 2 0 |a právo 
610 2 0 |a pojmy 
610 2 0 |a zákonník obchodný 
100 1 |a Vozár, Jozef